Homenaje a Dalmacio Vélez Sársfield (Registro nro. 316863)

Detalles MARC
000 -ENCABEZADO
Número de control [NR] 01100nam a2200229 a 4500
005 - FECHA Y HORA DE LA ÚLTIMA TRANSACCIÓN
control field 20210319145303.0
008 - DE LONGITUD FIJA DE DATOS DE ELEMENTOS - INFORMACIÓN GENERAL
Elementos de longitud fija [NR] 210319s2000 ag |||gr|||| 00| 0 spa d
040 ## - FUENTE DE CATALOGACION [NR]
Agencia de catalogación original [NR] CO-BoUCM
Idioma de catalogación [NR] spa
Quien Cataloga Deissy Garcia
Quien Clasifica Deissy Garcia
041 0# - CODIGO DE IDIOMA [R]
Código de idioma para texto/pista de sonido o título separado [R] Español
110 ## - ASIENTO PRINCIPAL--NOMBRE CORPORATIVO [NR]
Nombre corporativo o de jurisdicción como elemento de entrada [NR] Academia Nacional de Derecho y Ciencias sociales de Córdoba
ID de autoridad 102844
245 10 - MENCION DE TITULO [NR]
Título [NR] Homenaje a Dalmacio Vélez Sársfield
Parte restante del título [NR] Bicentenario de su nacimiento (1800-2000)
Mención de responsabilidad, etc. [NR] Academia Nacional de Derecho y ciencias sociales de Córdoba
260 ## - PUBLICACION, DISTRIBUCION, ETC. (PIE DE IMPRENTA) [R]
Lugar de publicación, distribución, etc. [R] Córdoba, Argentina
Nombre del editor, distribuidor, etc. [R] Academia Nacional de Derecho y Ciencias Sociales de Córdoba
Fecha de publicación, distribución, etc. [R] 2000
300 ## - DESCRIPCION FISICA [R]
Extensión [R] volúmenes
490 0# - MENCION DE SERIE [R]
Mención de serie [R] Ediciones de la academia Nacional de Derecho Y Ciencias Sociales de Córdoba
Designación numérica/secuencial del volumen [NR] 16
504 ## - NOTA DE BIBLIOGRAFIA, ETC. [R]
Nota de bibliografía, etc. [NR] Incluye referencias bibliográficas
600 1# - ASIENTO SECUNDARIO DE MATERIA - NOMBRE PERSONAL [R]
Nombre personal [NR] Vélez Sársfield, Dalmacio
Fechas asociadas con el nombre [NR] 1801-1875
Subdivisión general [R] Crítica e interpretación
9 (RLIN) 102845
650 #7 - ASIENTO SECUNDARIO DE MATERIA - TERMINO TEMATICO [R]
Término temático o nombre geográfico como elemento de entrada [NR] Derecho civil
Subdivisión general [R] Legislación
Subdivisión geográfica [R] Argentina
9 (RLIN) 102846
650 #7 - ASIENTO SECUNDARIO DE MATERIA - TERMINO TEMATICO [R]
Término temático o nombre geográfico como elemento de entrada [NR] Derecho comparado
9 (RLIN) 12722
650 #7 - ASIENTO SECUNDARIO DE MATERIA - TERMINO TEMATICO [R]
Término temático o nombre geográfico como elemento de entrada [NR] Jurisprudencia civil
Subdivisión geográfica [R] Argentina
9 (RLIN) 102847
942 ## - ELEMENTOS DE ENTRADA AGREGADOS (KOHA)
Tipo de ítem principal el descrito en 300a Libro
Sistema de clasificación DEWEY
Tema principal Derecho
Edición 1
Clasificación 349.8202
Parte restante de la signatura top. A168h
Título oculto en OPAC No
Existencias
Signatura topográfica Código de barras Última vez visto Volúmen / Fascículo Ejemplar Costo de reposición Price effective from Tipo de ítem Perdido Sistema de clasificación Dañado No prestable Tipo de ítem específico Suprimido Ubicación habitual Ubicación actual Localización Fecha de creación Proveedor Forma de adquisición Costo
349.8202 A168h 100165435 06/12/2024 V.3 Ej.1 26000.00 29/11/2019 Libro   DEWEY     Libro   BodegaJK Claustro Préstamo 2 días después de solicitado 29/11/2019 12 Donación 0.00
349.8202 A168h 100165437 06/12/2024 V.5 Ej.1 26000.00 29/11/2019 Libro   DEWEY     Libro   BodegaJK Claustro Préstamo 2 días después de solicitado 29/11/2019 12 Donación 0.00
349.8202 A168h 100165433 06/12/2024 V.1 Ej.1 26000.00 29/11/2019 Libro   DEWEY     Libro   BodegaJK Claustro Préstamo 2 días después de solicitado 29/11/2019 12 Donación 0.00
349.8202 A168h 100165436 06/12/2024 V.4 Ej.1 26000.00 29/11/2019 Libro   DEWEY     Libro   BodegaJK Claustro Préstamo 2 días después de solicitado 29/11/2019 12 Donación 0.00
349.8202 A168h 100165434 06/12/2024 V.2 Ej.1 26000.00 29/11/2019 Libro   DEWEY     Libro   BodegaJK Claustro Préstamo 2 días después de solicitado 29/11/2019 12 Donación 0.00